[Event "25.Schlosspark-Open"]
[Site "Wiesbaden-Biebrich"]
[Date "2013.08.24"]
[Round "4.1"]
[White "Gara, Anita"]
[Black "Khenkin, Igor"]
[Result "0-1"]
[WhiteElo "2299"]
[BlackElo "2605"]
[PlyCount "108"]
[EventDate "2013.??.??"]
[WhiteTeam "SV Großhansdorf"]
[BlackTeam "Wiesbadener SV 1885"]

1. e4 c6 2. d4 d5 3. Nc3 dxe4 4. Nxe4 Bf5 5. Ng3 Bg6 6. Nh3 Nf6 7. Nf4 Nbd7 8.
Bc4 Nb6 9. Bb3 a5 10. a4 Nbd5 11. Nxg6 hxg6 12. O-O e6 13. Re1 Bd6 14. Qf3 Qc7
15. Bg5 Bf4 16. Bxf4 Qxf4 17. Bxd5 Nxd5 18. Qxf4 Nxf4 19. Ne4 Ke7 20. Ra3 Rhd8
21. Rf3 Nd5 22. Ng5 Nf6 23. c3 b5 24. axb5 cxb5 25. g3 b4 26. cxb4 axb4 27. Rc1
Rac8 28. Rxc8 Rxc8 29. Rb3 Rc1+ 30. Kg2 Nd5 31. Nf3 f6 32. Nd2 g5 33. Kf3 Rh1
34. Ke2 Rxh2 35. Nf1 Rh8 36. Ne3 Rb8 37. Nxd5+ exd5 38. Re3+ Kd6 39. Kd2 g4 40.
Re1 Rc8 41. Kd3 b3 42. Re2 g5 43. Rd2 Rc1 44. Ke3 Re1+ 45. Kd3 f5 46. Kc3 f4
47. Kxb3 fxg3 48. fxg3 Re3+ 49. Kb4 Rxg3 50. Rh2 Rh3 51. Rg2 g3 52. Kb5 Ke6 53.
Kc5 Kf5 54. Kxd5 Kf4 0-1

[Event "25.Schlosspark-Open"]
[Site "Wiesbaden-Biebrich"]
[Date "2013.08.24"]
[Round "4.2"]
[White "Milov, Leonid"]
[Black "Karabalis, Harilos"]
[Result "1-0"]
[WhiteElo "2528"]
[BlackElo "2275"]
[PlyCount "127"]
[EventDate "2013.??.??"]
[WhiteTeam "SC Noris-Tarrasch Nürnberg 1873"]
[BlackTeam "SC Brett vor'm Kopp Ffm"]

1. e4 e6 2. d4 d5 3. Nd2 Nf6 4. e5 Nfd7 5. c3 c5 6. Ndf3 Nc6 7. Ne2 cxd4 8.
cxd4 f6 9. exf6 Nxf6 10. Nc3 Bd6 11. Bb5 O-O 12. O-O Bd7 13. h3 Qb6 14. Re1
Rae8 15. Be3 Qc7 16. Rc1 a6 17. Bd3 Re7 18. Ne5 Be8 19. Bb1 Bh5 20. Qd2 Bb4 21.
a3 Bd6 22. b4 Qb8 23. Bf4 Be8 24. Bg3 Nh5 25. Qd3 g6 26. Nxc6 Bxc6 27. Bxd6
Qxd6 28. Re5 Ref7 29. Rf1 Nf4 30. Qe3 Bd7 31. Kh2 a5 32. bxa5 Qa6 33. Re1 Qxa5
34. Ne4 Bc8 35. Nd6 Rf6 36. Nxc8 Rxc8 37. g3 Rc3 38. Qd2 Nxh3 39. R1e2 Nf4 40.
gxf4 Qxa3 41. R5e3 Rxe3 42. fxe3 Rf7 43. Qe1 Rc7 44. Qg3 Qd6 45. Rg2 Kf8 46.
Qh4 Qe7 47. Qxe7+ Kxe7 48. Kg3 Rc3 49. Kf3 Kf6 50. Rb2 Rc7 51. Rb6 Ke7 52. e4
Rc3+ 53. Ke2 dxe4 54. Bxe4 Rh3 55. Rxb7+ Kf6 56. Rb6 Ke7 57. Bd3 Rh2+ 58. Ke3
Rh3+ 59. Ke4 Rh4 60. Bc4 g5 61. Rxe6+ Kd7 62. Rf6 gxf4 63. Rxf4 Rh1 64. Ke5 1-0

[Event "25.Schlosspark-Open"]
[Site "Wiesbaden-Biebrich"]
[Date "2013.08.24"]
[Round "4.3"]
[White "Stockmann, Michael"]
[Black "Meijers, Viesturs"]
[Result "0-1"]
[WhiteElo "2273"]
[BlackElo "2470"]
[PlyCount "48"]
[EventDate "2013.??.??"]
[WhiteTeam "Sfr. Schöneck"]
[BlackTeam "ESV Nickelhütte Aue"]

1. d4 Nf6 2. c4 e6 3. g3 d5 4. Bg2 dxc4 5. Nf3 Nc6 6. Qa4 Bd7 7. Qxc4 Na5 8.
Qd3 c5 9. O-O Qb6 10. Be3 Bb5 11. dxc5 Bxd3 12. cxb6 Bxe2 13. Rc1 axb6 14. Nc3
Ba6 15. Na4 b5 16. Nc5 Nd5 17. Nd4 Nc4 18. Ndxe6 fxe6 19. Nxe6 Ndxe3 20. Nc7+
Kd7 21. Nxa8 Nxg2 22. b3 Ba3 23. Rd1+ Kc6 24. bxc4 bxc4 0-1

[Event "25.Schlosspark-Open"]
[Site "Wiesbaden-Biebrich"]
[Date "2013.08.24"]
[Round "4.4"]
[White "Schmittdiel, Eckhard"]
[Black "Sobolevsky, Leonid"]
[Result "1-0"]
[WhiteElo "2435"]
[BlackElo "2182"]
[PlyCount "103"]
[EventDate "2013.??.??"]
[WhiteTeam "SC Hansa Dortmund e.V."]
[BlackTeam "Schachzirkel Elstertal Langenber"]

1. e4 e5 2. Nf3 Nc6 3. Bb5 a6 4. Ba4 Bc5 5. c4 Nf6 6. Nc3 d6 7. d4 exd4 8. Nxd4
Bd7 9. Nxc6 bxc6 10. Bg5 Qe7 11. O-O O-O 12. Qf3 Rab8 13. Rad1 Qe5 14. Bxf6
gxf6 15. b3 Rbd8 16. Ne2 h5 17. Nf4 Bg4 18. Qg3 Qg5 19. h4 Qg7 20. Rd3 Kh8 21.
Bxc6 Rg8 22. Rd5 Qh6 23. Qh2 Rde8 24. Bxe8 Rxe8 25. Rxc5 dxc5 26. f3 Bc8 27.
Rd1 f5 28. e5 Rg8 29. Kf2 a5 30. Nd5 Rd8 31. Qg3 f4 32. Qg5 Qxg5 33. hxg5 c6
34. Nc3 Rxd1 35. Nxd1 Kg7 36. g3 fxg3+ 37. Kxg3 Kg6 38. f4 Bf5 39. Nc3 Bc2 40.
Na4 Kf5 41. Nxc5 Bb1 42. Nb7 h4+ 43. Kxh4 Kxf4 44. Nxa5 Kxe5 45. Nxc6+ Kd6 46.
Nb4 Kc5 47. a3 Kd4 48. Kg4 Kc3 49. c5 Kxb3 50. c6 Be4 51. Kf4 Bg2 52. c7 1-0

[Event "25.Schlosspark-Open"]
[Site "Wiesbaden-Biebrich"]
[Date "2013.08.24"]
[Round "4.5"]
[White "Müller, Ralf"]
[Black "Sergin, Mark"]
[Result "1/2-1/2"]
[WhiteElo "2395"]
[BlackElo "2160"]
[PlyCount "51"]
[EventDate "2013.??.??"]
[WhiteTeam "SG Stern Stuttgart"]
[BlackTeam "Kasseler SK 1876"]

1. d4 Nf6 2. Nf3 e6 3. c4 c5 4. d5 exd5 5. cxd5 d6 6. Nc3 g6 7. Bf4 a6 8. a4
Bg7 9. h3 O-O 10. e3 b6 11. Be2 Qe7 12. Nd2 Nbd7 13. Nc4 Ne8 14. O-O Rb8 15. e4
Ne5 16. Re1 f5 17. exf5 Nxc4 18. Bxc4 Qh4 19. Qg4 Qd8 20. Qg3 Rxf5 21. Ne4 Bxb2
22. Ra2 Be5 23. Bxe5 Rxe5 24. f4 Rf5 25. Rae2 Ng7 26. Qd3 1/2-1/2

[Event "25.Schlosspark-Open"]
[Site "Wiesbaden-Biebrich"]
[Date "2013.08.24"]
[Round "4.6"]
[White "Serbu, Eli"]
[Black "Carow, Johannes"]
[Result "0-1"]
[WhiteElo "2164"]
[BlackElo "2355"]
[PlyCount "80"]
[EventDate "2013.??.??"]
[WhiteTeam "Wiesbadener SV 1885"]
[BlackTeam "Sfr.Heidesheim"]

1. e4 c5 2. c3 Nf6 3. e5 Nd5 4. d4 cxd4 5. cxd4 e6 6. Nc3 Nxc3 7. bxc3 d6 8. f4
Qc7 9. Bd2 Be7 10. Bd3 O-O 11. Nf3 b6 12. Qe2 Bb7 13. O-O g6 14. exd6 Qxd6 15.
Ne5 Nd7 16. Rae1 Nf6 17. f5 exf5 18. Bh6 Rfe8 19. Bb5 Ne4 20. Bxe8 Rxe8 21. Qe3
Rc8 22. Rc1 Qe6 23. Rc2 g5 24. Qh3 Nd6 25. Rcf2 Be4 26. Qh5 f6 27. Ng6 Bd8 28.
Nf8 Qf7 29. Qh3 Be7 30. Nd7 Qe6 31. Bxg5 fxg5 32. Ne5 Bf6 33. Qh6 Re8 34. Ng4
Bg7 35. Qxg5 fxg4 36. Rf6 Qd7 37. R1f4 Kh8 38. Rxg4 Bg6 39. Qh4 Bxf6 40. Qxf6+
Kg8 0-1

[Event "25.Schlosspark-Open"]
[Site "Wiesbaden-Biebrich"]
[Date "2013.08.24"]
[Round "4.7"]
[White "Mensch, Etienne"]
[Black "Seidel, Jürgen"]
[Result "1-0"]
[WhiteElo "2345"]
[BlackElo "2068"]
[PlyCount "65"]
[EventDate "2013.??.??"]
[WhiteTeam "SK Freiburg-Wiehre 2000 e.V."]
[BlackTeam "SV 1920 Hofheim"]

1. d4 Nf6 2. Nc3 d6 3. e4 Nbd7 4. g4 h6 5. h3 e5 6. Nge2 c6 7. Bg2 b5 8. a3 Rb8
9. Be3 a6 10. O-O Be7 11. Ng3 g6 12. f4 c5 13. fxe5 dxe5 14. dxc5 Nxc5 15.
Qxd8+ Kxd8 16. Rxf6 Bxf6 17. Bxc5 Be7 18. Rd1+ Ke8 19. Bxe7 Kxe7 20. Nd5+ Kf8
21. Nf1 Kg7 22. Nfe3 Rd8 23. Kf2 Bb7 24. c3 Rd6 25. Ra1 Bc6 26. Ke2 Bd7 27. Bf3
Rd8 28. b4 Rc8 29. Ke1 f6 30. Bd1 h5 31. gxh5 gxh5 32. h4 Kg6 33. Ne7+ 1-0

[Event "25.Schlosspark-Open"]
[Site "Wiesbaden-Biebrich"]
[Date "2013.08.24"]
[Round "4.9"]
[White "Zeyer, Oliver"]
[Black "Sarközy, Benjamin"]
[Result "1/2-1/2"]
[WhiteElo "2001"]
[BlackElo "2115"]
[PlyCount "53"]
[EventDate "2013.??.??"]
[WhiteTeam "SF HN-Biberach 1978 e.V."]
[BlackTeam "SV Oberursel"]

1. e4 c5 2. Nf3 Nc6 3. d4 cxd4 4. Nxd4 g6 5. Be3 Nf6 6. Nc3 Bg7 7. Bc4 Qa5 8.
Nb3 Qb4 9. Nd2 Qxb2 10. Nb5 Qe5 11. f4 Qb8 12. O-O d6 13. c3 Ng4 14. Qf3 Nxe3
15. Qxe3 O-O 16. f5 Ne5 17. Bb3 Bd7 18. Nd4 Qc7 19. N2f3 Rae8 20. Rac1 Qb6 21.
fxg6 hxg6 22. Ng5 Bf6 23. Qg3 Kg7 24. Kh1 Ng4 25. Nde6+ Bxe6 26. Nxe6+ fxe6 27.
Qxg4 1/2-1/2

[Event "25.Schlosspark-Open"]
[Site "Wiesbaden-Biebrich"]
[Date "2013.08.24"]
[Round "4.11"]
[White "Neurohr, Jürgen"]
[Black "Nagel, Bernhard"]
[Result "0-1"]
[WhiteElo "2060"]
[BlackElo "2230"]
[PlyCount "78"]
[EventDate "2013.??.??"]
[WhiteTeam "Sfr.Mainz 1928"]
[BlackTeam "Wiesbadener SV 1885"]

1. d4 Nf6 2. c4 e6 3. g3 d5 4. Bg2 Bb4+ 5. Bd2 Be7 6. Nf3 c6 7. Ne5 Nbd7 8. O-O
Nxe5 9. dxe5 Nd7 10. Bc3 Qc7 11. cxd5 exd5 12. f4 O-O 13. Kh1 f5 14. g4 Nc5 15.
gxf5 Bxf5 16. Nd2 Rad8 17. e3 b5 18. b3 Nd3 19. Rb1 b4 20. Ba1 c5 21. Qe2 Qa5
22. e4 dxe4 23. Nc4 Qa6 24. Bxe4 Bxe4+ 25. Qxe4 Qxa2 26. Nd6 Nf2+ 27. Rxf2 Qxf2
28. Qc4+ Kh8 29. Rf1 Qe3 30. Nf7+ Rxf7 31. Qxf7 Qe4+ 32. Kg1 Bh4 33. f5 Qg4+
34. Kh1 Qe4+ 35. Kg1 Bf2+ 36. Rxf2 Rd1+ 37. Rf1 Qe3+ 38. Kg2 Rd2+ 39. Kh1 Qe4+
0-1

[Event "25.Schlosspark-Open"]
[Site "Wiesbaden-Biebrich"]
[Date "2013.08.24"]
[Round "4.12"]
[White "Bauer, Claus"]
[Black "Willems, Matthias"]
[Result "1/2-1/2"]
[WhiteElo "2172"]
[BlackElo "2037"]
[PlyCount "96"]
[EventDate "2013.??.??"]
[WhiteTeam "Sfr.Mainz 1928"]
[BlackTeam "SC Bad Nauheim"]

1. d4 d5 2. Nf3 Nf6 3. e3 e6 4. Bd3 c5 5. c3 Nc6 6. Nbd2 Bd6 7. O-O O-O 8. dxc5
Bxc5 9. e4 e5 10. exd5 Qxd5 11. Qc2 Bg4 12. Ng5 h6 13. Nge4 Be7 14. h3 Be6 15.
Nf3 Rfd8 16. Nxf6+ Bxf6 17. Be4 Qd7 18. Be3 Rac8 19. Rfd1 Qc7 20. Rxd8+ Rxd8
21. b3 a5 22. Rd1 Rxd1+ 23. Qxd1 Nb8 24. Qd3 Bd7 25. Bd5 Bc6 26. c4 Na6 27. a3
Qe7 28. Bxc6 bxc6 29. Qf5 Nc5 30. Qc8+ Kh7 31. Qxc6 Nxb3 32. c5 e4 33. Nd2 Nxd2
34. Bxd2 Qe5 35. Be3 Qa1+ 36. Kh2 Qxa3 37. Qxe4+ g6 38. Qd5 Kg7 39. Bd4 Qb4 40.
Bxf6+ Kxf6 41. Qd6+ Kg7 42. Qe5+ Kh7 43. c6 Qc4 44. c7 a4 45. g3 a3 46. Qe7 Kg7
47. Qe5+ Kh7 48. Qe7 Kg7 1/2-1/2

[Event "25.Schlosspark-Open"]
[Site "Wiesbaden-Biebrich"]
[Date "2013.08.24"]
[Round "4.13"]
[White "Osswald, Luis Monty"]
[Black "Berberich, Christoph"]
[Result "1-0"]
[WhiteElo "1965"]
[BlackElo "2078"]
[PlyCount "59"]
[EventDate "2013.??.??"]
[WhiteTeam "Kasseler SK 1876"]
[BlackTeam "SK Freiburg Zähringen 1887 e.V."]

1. e4 c5 2. Nf3 Nc6 3. d4 cxd4 4. Nxd4 Nf6 5. Nc3 e5 6. Ndb5 d6 7. Nd5 Nxd5 8.
exd5 Nb8 9. a4 a6 10. Na3 Be7 11. Be2 O-O 12. Nc4 Nd7 13. a5 f5 14. f4 exf4 15.
Bxf4 Nc5 16. Nb6 Rb8 17. O-O Bg5 18. Bxg5 Qxg5 19. Ra3 f4 20. b4 Ne4 21. Qd4
Bf5 22. Raf3 Rf6 23. h4 Qg6 24. Rxf4 Ng3 25. R1f2 Re8 26. Bg4 Re1+ 27. Kh2 Bxg4
28. Rxg4 Rxf2 29. Kxg3 Qf7 30. Qxf2 1-0

[Event "25.Schlosspark-Open"]
[Site "Wiesbaden-Biebrich"]
[Date "2013.08.24"]
[Round "4.14"]
[White "Tepe, Josef"]
[Black "Boidman, Yuri"]
[Result "0-1"]
[WhiteElo "2044"]
[BlackElo "2403"]
[PlyCount "60"]
[EventDate "2013.??.??"]
[WhiteTeam "SC Taunusstein 1966"]
[BlackTeam "SC Heimbach-Weis/Neuwied"]

1. d4 d5 2. Nf3 Nf6 3. c4 c6 4. e3 e6 5. b3 Bb4+ 6. Nbd2 Ne4 7. Bd3 f5 8. Bb2
O-O 9. a3 Bd6 10. Ne5 Nd7 11. O-O Bxe5 12. dxe5 Ndc5 13. Bc2 Nxd2 14. Qxd2 dxc4
15. Qxd8 Rxd8 16. bxc4 b6 17. Bd4 Ba6 18. Bxc5 bxc5 19. Rfc1 Rab8 20. Ba4 Rb6
21. h3 Kf7 22. Rd1 Rxd1+ 23. Rxd1 Bxc4 24. Rd7+ Kg6 25. Rxa7 Bd5 26. g4 c4 27.
gxf5+ Kxf5 28. Rxg7 Rb1+ 29. Kh2 Rh1+ 30. Kg3 Rg1+ 0-1

[Event "25.Schlosspark-Open"]
[Site "Wiesbaden-Biebrich"]
[Date "2013.08.24"]
[Round "4.16"]
[White "Seehaus, Bernhard"]
[Black "Hahn, Markus"]
[Result "0-1"]
[WhiteElo "2038"]
[BlackElo "2239"]
[PlyCount "40"]
[EventDate "2013.??.??"]
[WhiteTeam "SV Schachforum Darmstadt 1994"]
[BlackTeam "Kasseler SK 1876"]

1. d3 c5 2. Nf3 Nc6 3. c3 g6 4. g3 Bg7 5. Bg2 e5 6. e4 Nge7 7. Be3 d6 8. d4
exd4 9. cxd4 Bg4 10. O-O Nxd4 11. Bxd4 cxd4 12. Nbd2 O-O 13. Nb3 Nc6 14. Qd2
Qb6 15. Rfd1 Rac8 16. Rac1 Qa6 17. a3 Qb6 18. Na1 Bxf3 19. Bxf3 Ne5 20. Be2 d3
0-1

[Event "25.Schlosspark-Open"]
[Site "Wiesbaden-Biebrich"]
[Date "2013.08.24"]
[Round "4.17"]
[White "Minor, Samuel"]
[Black "Seickel, Ralf"]
[Result "1-0"]
[WhiteElo "2230"]
[BlackElo "2037"]
[PlyCount "143"]
[EventDate "2013.??.??"]
[WhiteTeam "Wiesbadener SV 1885"]
[BlackTeam "SV 1926 Neu-Isenburg"]

1. e4 c5 2. Nf3 d6 3. d4 Nf6 4. Nc3 cxd4 5. Nxd4 a6 6. Be3 e5 7. Nf3 Be7 8. Bc4
Qc7 9. Bb3 Be6 10. O-O O-O 11. Bg5 Nbd7 12. Rc1 h6 13. Bxf6 Nxf6 14. Re1 Rad8
15. Qd3 Rd7 16. Red1 Bxb3 17. axb3 Rfd8 18. Nd5 Nxd5 19. Qxd5 Bg5 20. Nxg5 hxg5
21. Rd3 Qc5 22. c3 Qxd5 23. Rxd5 Kf8 24. h3 Ke7 25. Kh2 Ke6 26. Rcd1 Rc8 27.
Kg3 g6 28. b4 f5 29. f3 Rc4 30. exf5+ gxf5 31. R1d2 e4 32. fxe4 Rxe4 33. Kf3
Re5 34. R5d4 a5 35. h4 gxh4 36. Rxh4 axb4 37. Rxb4 Rd5 38. Rxd5 Kxd5 39. Rb5+
Ke6 40. c4 Rc7 41. b3 Rg7 42. g3 Rc7 43. Rb6 Ke5 44. Rb5+ Ke6 45. Kf4 Rf7 46.
Rb6 Rc7 47. Ke3 Rg7 48. Kf3 Rc7 49. Kf4 Rg7 50. c5 Rg4+ 51. Kf3 Rd4 52. cxd6
Rxd6 53. Rxb7 Rd3+ 54. Kf4 Rd4+ 55. Ke3 Rg4 56. Kf3 Rd4 57. Rb8 Rd3+ 58. Kf4
Rd4+ 59. Ke3 Rg4 60. Kf3 Rd4 61. Re8+ Kf6 62. Re3 Kg5 63. Rc3 Re4 64. Rd3 Kf6
65. Re3 Rd4 66. Ke2 Kg5 67. Rc3 Kg4 68. Re3 Kg5 69. Rd3 Re4+ 70. Kd2 Kg4 71.
Kc3 Kg5 72. b4 1-0

[Event "25.Schlosspark-Open"]
[Site "Wiesbaden-Biebrich"]
[Date "2013.08.24"]
[Round "4.18"]
[White "Leidorf, Sebastian"]
[Black "Commercon, Simon"]
[Result "0-1"]
[WhiteElo "2037"]
[BlackElo "2183"]
[PlyCount "80"]
[EventDate "2013.??.??"]
[WhiteTeam "SV Bergwinkel"]
[BlackTeam "TSG Mutterstadt"]

1. c4 Nf6 2. g3 g6 3. Bg2 Bg7 4. Nc3 O-O 5. e4 d6 6. Nge2 Nc6 7. O-O Be6 8. d3
Qd7 9. Nf4 Nd4 10. Nce2 c5 11. Nxd4 cxd4 12. b4 Rab8 13. a4 Qc7 14. Nxe6 fxe6
15. Bh3 e5 16. f4 exf4 17. Be6+ Kh8 18. gxf4 a5 19. b5 Nd7 20. Bxd7 Qxd7 21.
Qe1 b6 22. Qg3 Rf7 23. Ra2 Rc8 24. Raf2 Rc5 25. Kg2 Rh5 26. h3 e6 27. Rf3 Bf6
28. Qf2 Bg7 29. Bb2 e5 30. f5 gxf5 31. Rxf5 Rfxf5 32. exf5 Bh6 33. Qf3 Qf7 34.
Kh1 Bf4 35. Bxd4 Qxf5 36. Kg2 Rg5+ 37. Kh1 exd4 38. c5 dxc5 39. Qa8+ Rg8 40.
Qf3 Qg5 0-1

[Event "25.Schlosspark-Open"]
[Site "Wiesbaden-Biebrich"]
[Date "2013.08.24"]
[Round "4.19"]
[White "Scharrer, Udo"]
[Black "Kayser, Felix"]
[Result "0-1"]
[WhiteElo "2036"]
[BlackElo "2179"]
[PlyCount "132"]
[EventDate "2013.??.??"]
[WhiteTeam "SG Stern Stuttgart"]
[BlackTeam "Wiesbadener SV 1885"]

1. d4 d5 2. c4 e6 3. Nc3 c5 4. cxd5 exd5 5. Nf3 Nc6 6. g3 Nf6 7. Bg2 Be7 8. O-O
O-O 9. dxc5 Bxc5 10. Bg5 d4 11. Bxf6 Qxf6 12. Nd5 Qf5 13. Nf4 Rd8 14. Nd3 Bb6
15. Rc1 Qf6 16. a3 Bg4 17. h3 Bf5 18. Qd2 Be4 19. Rfd1 h6 20. Qf4 Qe7 21. Qd2
Re8 22. Rc2 Rad8 23. Nfe1 Qd6 24. Nf3 Re7 25. Kf1 Qd5 26. Rdc1 Rde8 27. b4 Qf5
28. Ng1 Bxg2+ 29. Kxg2 Qd5+ 30. Kh2 Qb3 31. Ra1 Ne5 32. Nxe5 Rxe5 33. a4 d3 34.
exd3 Bd4 35. Rd1 Qd5 36. Rf1 g5 37. Qd1 Kg7 38. Re2 Kg6 39. Rxe5 Rxe5 40. Nf3
Rf5 41. Nxd4 Qxd4 42. Qd2 Rf3 43. Kg1 Rxg3+ 44. Kh2 Rxd3 45. Qc2 Kg7 46. Qc7
Qxb4 47. Qe5+ Kg6 48. Qh8 Qf4+ 49. Kg2 g4 50. Qg8+ Kh5 51. Qxg4+ Qxg4+ 52.
hxg4+ Kxg4 53. Rb1 Rd7 54. Rb4+ Kf5 55. Kg3 b6 56. Rb5+ Ke6 57. Rh5 f6 58. Rxh6
Rd3+ 59. f3 Rd4 60. a5 b5 61. Rh7 Rd7 62. Rh5 Rb7 63. Rc5 b4 64. Rc6+ Kd5 65.
Rxf6 b3 66. a6 Rg7+ 0-1

[Event "25.Schlosspark-Open"]
[Site "Wiesbaden-Biebrich"]
[Date "2013.08.24"]
[Round "4.20"]
[White "Bingert, Tim Niklas"]
[Black "Pioch, Thomas"]
[Result "1/2-1/2"]
[WhiteElo "2026"]
[BlackElo "2172"]
[PlyCount "162"]
[EventDate "2013.??.??"]
[WhiteTeam "SK Langen"]
[BlackTeam "Sfr.Mainz 1928"]

1. e4 e6 2. d4 d5 3. Nd2 Nf6 4. e5 Nfd7 5. Bd3 c5 6. c3 Nc6 7. Ne2 cxd4 8. cxd4
f6 9. exf6 Nxf6 10. Nf3 Bd6 11. O-O O-O 12. Bf4 Nh5 13. Bxd6 Qxd6 14. Ng3 Nf4
15. Re1 Nxd3 16. Qxd3 Rxf3 17. Qxf3 Nxd4 18. Qd3 Qb6 19. Rad1 Nc6 20. b3 Bd7
21. Ne2 Rf8 22. Nd4 Nxd4 23. Qxd4 Qxd4 24. Rxd4 Rc8 25. Rd2 Kf7 26. f4 g6 27.
Kf2 Rc3 28. Re3 Rc1 29. Ree2 Rc8 30. Rc2 Bc6 31. Ke3 Ke7 32. Kd4 Kd6 33. g3 Rf8
34. h4 Bb5 35. Re3 h6 36. Re5 h5 37. Re3 Bc6 38. Rec3 Rf5 39. Re3 Rf8 40. Rc1
Rf6 41. Rec3 Rf5 42. Re1 Rf8 43. a3 a6 44. Rec1 Rf5 45. b4 Rf7 46. Re3 Rf8 47.
Re5 Bd7 48. Rg5 Rg8 49. g4 Rf8 50. Rf1 hxg4 51. Rxg6 Bb5 52. Rf2 Rc8 53. f5
Rc4+ 54. Ke3 Re4+ 55. Kd2 g3 56. Rxg3 exf5 57. h5 Ke5 58. Rh3 Rd4+ 59. Kc3 Rc4+
60. Kb2 Rc7 61. h6 Rh7 62. Rh5 Bd3 63. Rg2 Kf6 64. Rh4 Be4 65. Rg3 d4 66. Kc1
Rc7+ 67. Kd2 Rh7 68. Rg8 Kf7 69. Rd8 Kg6 70. Rxd4 Kg5 71. Rh2 Rxh6 72. Rxh6
Kxh6 73. Ke3 Kg5 74. Rd6 Bc6 75. Rd4 Bh1 76. Rd1 f4+ 77. Kd4 Bc6 78. Ke5 Bg2
79. Rd2 Bc6 80. Rd1 Bg2 81. Rd2 Bc6 1/2-1/2

[Event "25.Schlosspark-Open"]
[Site "Wiesbaden-Biebrich"]
[Date "2013.08.24"]
[Round "4.21"]
[White "Gentner, Markus"]
[Black "Ruppert, Wolfgang"]
[Result "1/2-1/2"]
[WhiteElo "2025"]
[BlackElo "2167"]
[PlyCount "140"]
[EventDate "2013.??.??"]
[WhiteTeam "SG Stern Stuttgart"]
[BlackTeam "SC Flörsheim 1921"]

1. Nf3 d5 2. d4 Nf6 3. e3 Bg4 4. c4 e6 5. Qb3 Qc8 6. Ne5 Bf5 7. Nc3 c6 8. Bd2
Nbd7 9. f4 Ne4 10. Nxe4 Bxe4 11. Nxd7 Qxd7 12. Rg1 Be7 13. Bb4 O-O 14. O-O-O
Rfc8 15. Bd3 Bxd3 16. Rxd3 dxc4 17. Qxc4 b5 18. Qb3 Bxb4 19. Qxb4 c5 20. Qd2 c4
21. Ra3 a5 22. e4 b4 23. Rf3 c3 24. Qd1 Rc4 25. Rd3 Rd8 26. Re1 a4 27. d5 Rcc8
28. Ree3 Qa7 29. Rd4 exd5 30. Red3 h6 31. Rxb4 c2 32. Qe1 dxe4 33. Rxe4 a3 34.
Rxd8+ Rxd8 35. Re8+ Rxe8 36. Qxe8+ Kh7 37. Qe4+ g6 38. bxa3 Qxa3+ 39. Kxc2
Qxa2+ 40. Kd3 h5 41. Ke3 Qb2 42. h3 Qb6+ 43. Kf3 Qg1 44. Qc4 Kg7 45. Qc3+ Kg8
46. Qc8+ Kh7 47. Qc4 Qd1+ 48. Kg3 Qd7 49. Qe4 Qd6 50. Kf3 f6 51. Qe8 Kg7 52.
Qb5 h4 53. Qb7+ Kh6 54. Qe4 f5 55. Qe3 Kh5 56. Kf2 Kh6 57. Kf3 Kh7 58. Kf2 Kg7
59. Kf3 g5 60. Qc3+ Kg6 61. Qe3 Kf7 62. Qb3+ Kg7 63. Qc3+ Kg6 64. Qe3 Qc6+ 65.
Kf2 Qc2+ 66. Kf3 g4+ 67. hxg4 fxg4+ 68. Kxg4 Qxg2+ 69. Kxh4 Qh2+ 70. Kg4 Qg2+
1/2-1/2

[Event "25.Schlosspark-Open"]
[Site "Wiesbaden-Biebrich"]
[Date "2013.08.24"]
[Round "4.22"]
[White "Boos, Markus"]
[Black "Machlin, Maxim"]
[Result "1/2-1/2"]
[WhiteElo "2153"]
[BlackElo "1995"]
[PlyCount "113"]
[EventDate "2013.??.??"]
[WhiteTeam "SF Vonkeln 1931"]
[BlackTeam "Biebertaler SF"]

1. d4 d5 2. c4 e6 3. Nf3 c6 4. g3 Nf6 5. Qc2 Ne4 6. Bg2 Bd6 7. O-O O-O 8. Nc3
f5 9. Ne5 Nd7 10. Bf4 Bxe5 11. Bxe5 Nxe5 12. dxe5 Qc7 13. Nxe4 fxe4 14. Qc3 Rf5
15. f4 exf3 16. Rxf3 Rxf3 17. exf3 Bd7 18. cxd5 Qb6+ 19. Kh1 cxd5 20. f4 Rc8
21. Qd2 Qc7 22. Rd1 Qc2 23. Bf3 Ba4 24. b3 Bb5 25. Qd4 Be2 26. Bxe2 Qxe2 27.
Qd3 Qxa2 28. Rd2 Rc1+ 29. Kg2 Qb1 30. Qe3 Rc2 31. Rxc2 Qxc2+ 32. Kh3 Qf5+ 33.
g4 Qe4 34. Qc5 Qf3+ 35. Kh4 h5 36. Qc8+ Kh7 37. h3 hxg4 38. Qxe6 Qxf4 39. hxg4
Qh6+ 40. Qxh6+ Kxh6 41. g5+ Kg6 42. e6 a5 43. Kg4 b5 44. Kf4 a4 45. bxa4 bxa4
46. Ke5 a3 47. Kd6 a2 48. e7 a1=Q 49. e8=Q+ Kxg5 50. Qe3+ Kg6 51. Qd3+ Kh6 52.
Qh3+ Kg6 53. Qd3+ Kf7 54. Qxd5+ Kf8 55. Qf5+ Kg8 56. Qe6+ Kh7 57. Qh3+ 1/2-1/2

[Event "25.Schlosspark-Open"]
[Site "Wiesbaden-Biebrich"]
[Date "2013.08.24"]
[Round "4.23"]
[White "Supplieth, Peter"]
[Black "Baskin, Robert"]
[Result "0-1"]
[WhiteElo "2000"]
[BlackElo "2145"]
[PlyCount "76"]
[EventDate "2013.??.??"]
[WhiteTeam "SC Kevelaer 1948 e.V."]
[BlackTeam "SAbt TuS Makkabi Ffm"]

1. e4 c5 2. c3 d5 3. exd5 Qxd5 4. d4 Nf6 5. Nf3 Nc6 6. Be2 cxd4 7. cxd4 e6 8.
O-O Be7 9. Nc3 Qd6 10. Bg5 O-O 11. Qd2 b6 12. Rfd1 Nd5 13. Rac1 Bxg5 14. Qxg5
Nce7 15. Bd3 h6 16. Qh4 Bb7 17. Ne4 Qf4 18. Qxf4 Nxf4 19. Rc7 Bc6 20. Rxe7 Nd5
21. Rxf7 Rxf7 22. Ne5 Rc7 23. Nd6 Rd8 24. Ne4 Nf4 25. Nxc6 Rxc6 26. g3 Nxd3 27.
Rxd3 Rc4 28. Re3 Rcxd4 29. Nc3 Kf7 30. Ne4 Rd3 31. Re2 b5 32. Kg2 Rc8 33. a3 a5
34. h4 b4 35. axb4 axb4 36. f3 b3 37. Nc3 Ra8 38. g4 Rxc3 0-1

[Event "25.Schlosspark-Open"]
[Site "Wiesbaden-Biebrich"]
[Date "2013.08.24"]
[Round "4.24"]
[White "Frey, Thomas"]
[Black "Kobs, Stephan"]
[Result "1/2-1/2"]
[WhiteElo "2141"]
[BlackElo "1986"]
[PlyCount "74"]
[EventDate "2013.??.??"]
[WhiteTeam "SV Reutlingen"]
[BlackTeam "SC Bad Salzdetfurth"]

1. d4 Nf6 2. c4 c5 3. d5 b5 4. Nd2 bxc4 5. e4 d6 6. Bxc4 g6 7. b3 Bg7 8. Bb2
O-O 9. Ngf3 Ba6 10. Qe2 Bxc4 11. Nxc4 Nbd7 12. O-O Nb6 13. Rfe1 Nxc4 14. Qxc4
Rb8 15. Nd2 Rb4 16. Qc2 Nh5 17. Bxg7 Nxg7 18. Nc4 e5 19. Qc1 f5 20. f3 f4 21.
Qa3 Rb7 22. Qa6 Rd7 23. Rab1 g5 24. b4 cxb4 25. Rxb4 g4 26. Nd2 Qh4 27. Rc1 Ne8
28. Rb8 Rg7 29. Qb5 gxf3 30. Nxf3 Qg4 31. Qe2 Nf6 32. Rxf8+ Kxf8 33. Rb1 Qc8
34. Nh4 Ng4 35. Nf5 Qc5+ 36. Kh1 Nf2+ 37. Kg1 Nh3+ 1/2-1/2

[Event "25.Schlosspark-Open"]
[Site "Wiesbaden-Biebrich"]
[Date "2013.08.24"]
[Round "4.25"]
[White "Koch, Markus"]
[Black "Reichenbächer, Thomas"]
[Result "1-0"]
[WhiteElo "2140"]
[BlackElo "1966"]
[PlyCount "71"]
[EventDate "2013.??.??"]
[WhiteTeam "SC Brett vor'm Kopp Ffm"]
[BlackTeam "SC Steißlingen"]

1. d4 f5 2. Bg5 d5 3. c4 c6 4. Nc3 Nf6 5. Bxf6 exf6 6. cxd5 cxd5 7. Qb3 Nc6 8.
Qxd5 Qb6 9. O-O-O Bd7 10. e3 Rc8 11. Bb5 a6 12. Ba4 Qc7 13. Bxc6 Bxc6 14. Qe6+
Be7 15. Nge2 Bd7 16. Qb3 Bb5 17. Kb1 Bc4 18. Qc2 Qd7 19. d5 Bxe2 20. Qxe2 Bd6
21. e4 O-O 22. Qd3 Be5 23. exf5 Bxc3 24. bxc3 Qd6 25. Qd4 b5 26. Rhe1 Rc4 27.
Qe3 Kh8 28. Qe7 Qb8 29. d6 b4 30. d7 bxc3+ 31. Kc2 Qb2+ 32. Kd3 Rd4+ 33. Kxd4
c2+ 34. Ke4 Qb7+ 35. Rd5 Kg8 36. d8=Q 1-0

[Event "25.Schlosspark-Open"]
[Site "Wiesbaden-Biebrich"]
[Date "2013.08.24"]
[Round "4.26"]
[White "Kuhn, Gerhard"]
[Black "Werner, Dimo"]
[Result "1/2-1/2"]
[WhiteElo "1996"]
[BlackElo "2139"]
[PlyCount "31"]
[EventDate "2013.??.??"]
[WhiteTeam "SK Marburg 1931/72"]
[BlackTeam "Vorw.Orient Mainz"]

1. e4 c5 2. c3 d5 3. exd5 Qxd5 4. d4 e6 5. Nf3 Nf6 6. Be2 Nc6 7. Na3 cxd4 8.
Nb5 Qd8 9. Nbxd4 Nxd4 10. Qxd4 Qxd4 11. Nxd4 Bc5 12. Nc2 Bd7 13. Be3 Bxe3 14.
Nxe3 Bc6 15. O-O Ke7 16. Rfd1 1/2-1/2